[Event "Harburg_ch Gruppe A"]
[Site "Hamburg"]
[Date "2011.08.19"]
[Round "1"]
[White "Meyner, Hannes"]
[Black "Richter, Maik"]
[Result "0-1"]
[WhiteElo "2204"]
[BlackElo "2183"]
[PlyCount "68"]
[EventDate "2011.08.19"]
[EventType "tourn"]
[EventRounds "1"]
[EventCountry "GER"]
[SourceDate "2011.08.19"]

1. d4 f5 2. g3 Nf6 3. Bg2 d6 4. c4 g6 5. Nh3 Bg7 6. O-O O-O 7. d5 e5 8. dxe6 c6
9. Qd3 Qe7 10. Rd1 Rd8 11. Bf4 Ne4 12. Nc3 Nxc3 13. bxc3 Na6 14. Bxd6 Qxe6 15.
Nf4 Qf6 16. c5 Nxc5 17. Qc4+ Ne6 18. Bc5 Re8 19. Bd4 Qf7 20. Bxg7 Nxf4 21. Qxf4
Kxg7 22. Rd2 Be6 23. Rad1 Re7 24. Rd8 Rxd8 25. Rxd8 Bxa2 26. Bf3 a6 27. h4 Qf6
28. h5 g5 29. Qb8 Be6 30. Qd6 g4 31. Bg2 Bf7 32. h6+ Kg6 33. Qf4 Rxe2 34. Kh2
Qxd8 0-1

[Event "Harburg_ch Gruppe A"]
[Site "Hamburg"]
[Date "2011.08.19"]
[Round "1"]
[White "Porth, Hartmut"]
[Black "Schroeder, Christoph"]
[Result "1-0"]
[WhiteElo "2174"]
[BlackElo "2247"]
[PlyCount "75"]
[EventDate "2011.08.19"]
[EventType "tourn"]
[EventRounds "1"]
[EventCountry "GER"]
[SourceDate "2011.08.19"]

1. e4 c5 2. d3 Nc6 3. f4 g6 4. Nf3 Bg7 5. g3 d6 6. Bg2 e6 7. O-O Nge7 8. c3 O-O
9. a4 a6 10. Be3 Qc7 11. Bf2 Rb8 12. Nbd2 b5 13. axb5 axb5 14. d4 c4 15. h4 d5
16. Ne5 Bb7 17. h5 Ra8 18. Rxa8 Rxa8 19. Nxc6 Bxc6 20. e5 Qa5 21. g4 gxh5 22.
f5 Bh6 23. Bh4 Qc7 24. Bf6 Qd7 25. g5 Bf8 26. fxe6 fxe6 27. Qxh5 Qe8 28. Qh3
Nf5 29. Bf3 Bg7 30. Bg4 Bd7 31. Rf2 Ra1+ 32. Nf1 Bxf6 33. gxf6 Kh8 34. Rg2 Qf8
35. Bxf5 exf5 36. Rg7 Qxg7+ 37. fxg7+ Kxg7 38. Qh4 1-0

[Event "Harburg_ch Gruppe A"]
[Site "Hamburg"]
[Date "2011.08.20"]
[Round "2"]
[White "Porth, Hartmut"]
[Black "Meyner, Hannes"]
[Result "1/2-1/2"]
[WhiteElo "2174"]
[BlackElo "2204"]
[PlyCount "122"]
[EventDate "2011.08.19"]
[EventType "tourn"]
[EventRounds "1"]
[EventCountry "GER"]
[SourceDate "2011.08.19"]

1. e4 c6 2. d4 d5 3. exd5 cxd5 4. Bd3 Nc6 5. c3 Nf6 6. Bf4 Bg4 7. Qb3 Qd7 8.
Nd2 e6 9. Ngf3 Bd6 10. Bxd6 Qxd6 11. O-O O-O 12. Rae1 Qc7 13. Ne5 Nxe5 14. dxe5
Nd7 15. Qb4 Bh5 16. Qh4 Bg6 17. Bxg6 fxg6 18. f4 Qb6+ 19. Kh1 Qxb2 20. Nf3 Rfe8
21. Rb1 Qxa2 22. Rxb7 Qc4 23. Rfb1 Qc8 24. Ng5 h6 25. Nf3 Rb8 26. Rxb8 Nxb8 27.
Qg4 Nd7 28. Qxg6 Nf8 29. Qh5 Re7 30. Qh4 Rc7 31. Qf2 Rxc3 32. Qxa7 Rc1+ 33.
Rxc1 Qxc1+ 34. Qg1 Qxf4 35. Qc5 g5 36. h3 h5 37. Qd4 Qxd4 38. Nxd4 Kf7 39. g4
Nd7 40. Nf3 Kg6 41. Kg2 Nc5 42. Nd4 h4 43. Kf3 Kf7 44. Ke3 Ke7 45. Nc6+ Kd7 46.
Nd4 Ne4 47. Nf3 Ke7 48. Nd4 Kf7 49. Nf3 Kg6 50. Nd4 Nc5 51. Nf3 Nb3 52. Kd3 Na5
53. Kd4 Nc4 54. Kd3 Nb6 55. Kd4 Nd7 56. Ke3 Nf8 57. Kd4 Kh6 58. Kd3 Ng6 59. Ke3
Nf4 60. Nxh4 Nxh3 61. Nf3 Kg6 {...} 1/2-1/2

[Event "Harburg_ch Gruppe A"]
[Site "Hamburg"]
[Date "2011.08.20"]
[Round "2"]
[White "Richter, Maik"]
[Black "Mueller, Jan Hendrik"]
[Result "1/2-1/2"]
[WhiteElo "2183"]
[BlackElo "2099"]
[PlyCount "144"]
[EventDate "2011.08.19"]
[EventType "tourn"]
[EventRounds "1"]
[EventCountry "GER"]
[SourceDate "2011.08.19"]

1. e4 e6 2. d4 d5 3. Nc3 Nf6 4. e5 Nfd7 5. f4 c5 6. Nf3 Nc6 7. Be3 cxd4 8. Nxd4
Bc5 9. Qd2 O-O 10. O-O-O a6 11. Kb1 Nxd4 12. Bxd4 b5 13. f5 exf5 14. g4 Bxd4
15. Qxd4 Qc7 16. e6 fxe6 17. gxf5 Rxf5 18. Bh3 Re5 19. Rhf1 Nf6 20. Rf3 Rg5 21.
Qe3 Qe5 22. Qb6 d4 23. Rxd4 Rg1+ 24. Nd1 Qe1 25. Rd8+ Kf7 26. Kc1 Kg6 27. Re3
Qh4 28. Rd2 Bd7 29. Rxd7 Nxd7 30. Rxe6+ Kf7 31. Qxg1 Qxh3 32. Re3 Qh6 33. Qf2+
Kg8 34. Qd2 Qc6 35. Nc3 Rf8 36. Re1 Nf6 37. Qe3 Re8 38. Qd2 Rxe1+ 39. Qxe1 Kf7
40. a3 Qd6 41. Qf2 g5 42. Kb1 {(=)} Kg6 43. Qe2 h5 44. Nd1 g4 45. Ne3 Kg5 46.
Qf2 Qf4 47. Qe2 h4 48. Ng2 Qd4 49. Ne1 Qe4 50. Qf2 h3 51. Nd3 Nd5 52. Qf7 Nf6
53. Qc7 Qf5 54. Qd6 Ne4 55. Qd8+ Nf6 56. Qd6 Ne4 57. Qe7+ Nf6 58. Qd6 Ne4 59.
Qe7+ Nf6 60. Qe3+ Kg6 61. Nf4+ Kf7 62. Qd4 Qe4 63. Qd6 Qe7 64. Qd3 Qe4 65. Qd6
Qe7 66. Qc6 Qe1+ 67. Ka2 g3 68. hxg3 h2 69. Qc7+ Qe7 70. Qc6 Qe1 71. Qc7+ Qe7
72. Qc6 Qe1 1/2-1/2

[Event "Harburg_ch Gruppe A"]
[Site "Hamburg"]
[Date "2011.08.20"]
[Round "3"]
[White "Meyner, Hannes"]
[Black "Schroeder, Christoph"]
[Result "1-0"]
[WhiteElo "2204"]
[BlackElo "2247"]
[PlyCount "145"]
[EventDate "2011.08.19"]
[EventType "tourn"]
[EventRounds "1"]
[EventCountry "GER"]
[SourceDate "2011.08.19"]

1. d4 d5 2. c4 e6 3. Nc3 c5 4. e3 Nf6 5. Nf3 Nc6 6. a3 a6 7. dxc5 Bxc5 8. b4
Ba7 9. Bb2 dxc4 10. Qxd8+ Kxd8 11. Bxc4 b5 12. Bd3 Bb7 13. Ne4 Nxe4 14. Bxe4 f6
15. Nd4 Bxd4 16. Bxd4 Nxd4 17. Bxb7 Rb8 18. Be4 Nf5 19. Rc1 Nd6 20. Bd3 Kd7 21.
Ke2 Rbc8 22. Rhd1 Rxc1 23. Rxc1 h6 24. Ra1 Kc6 25. a4 Kb6 26. a5+ Kc6 27. Rc1+
Kd7 28. Kd2 Rc8 29. Rxc8 Kxc8 30. Kc3 e5 31. Bh7 Kd7 32. Kd3 g5 33. Bg8 Ke7 34.
Bd5 Kf8 35. Ke2 Kg7 36. Kf3 h5 37. Be6 f5 38. Bd5 Kf6 39. Ke2 h4 40. f4 gxf4
41. exf4 exf4 42. Kd3 Ke5 43. Bc6 Nc4 44. Bb7 Kd6 45. Bxa6 Kc6 46. Bc8 Ne3 47.
a6 Kb6 48. Bb7 Ng4 49. h3 Ne3 50. Kc3 Nd1+ 51. Kd4 Ne3 52. Ke5 Nc2 53. Kxf5
Nxb4 54. Kxf4 Nxa6 55. Be4 Nc5 56. Bf5 Kc6 57. Kg4 Kd6 58. Kxh4 Ke5 59. Bb1 Kf6
60. g4 Ne6 61. Kg3 b4 62. h4 b3 63. Kf3 Nd4+ 64. Ke4 Nb5 65. g5+ Kg7 66. Ke5
Na3 67. Be4 b2 68. h5 b1=Q 69. h6+ Kf7 70. g6+ Kg8 71. Bxb1 Nxb1 72. Kf6 Nc3
73. h7+ 1-0

[Event "Harburg_ch Gruppe A"]
[Site "Hamburg"]
[Date "2011.08.20"]
[Round "3"]
[White "Mueller, Jan Hendrik"]
[Black "Porth, Hartmut"]
[Result "0-1"]
[WhiteElo "2099"]
[BlackElo "2174"]
[PlyCount "88"]
[EventDate "2011.08.19"]
[EventType "tourn"]
[EventRounds "1"]
[EventCountry "GER"]
[SourceDate "2011.08.19"]

1. c4 Nc6 2. g3 e5 3. Bg2 g6 4. Nc3 Bg7 5. e3 d6 6. Nge2 f5 7. d3 Nf6 8. Rb1
O-O 9. b4 Ne7 10. f4 Kh8 11. O-O exf4 12. gxf4 d5 13. cxd5 Nexd5 14. Nxd5 Nxd5
15. e4 Nc3 16. Nxc3 Bxc3 17. Be3 Bd4 18. Qe2 c6 19. Qf2 Bxe3 20. Qxe3 Qb6 21.
Qc5 Be6 22. a4 Rad8 23. a5 Qxc5+ 24. bxc5 Rf7 25. a6 bxa6 26. Ra1 Rxd3 27. Rxa6
fxe4 28. Bxe4 Rd4 29. Re1 Bc4 30. Ra3 Bb5 31. Rf3 Re7 32. Rfe3 Kg7 33. Bg2 Rxe3
34. Rxe3 Kf7 35. Rh3 h5 36. f5 a5 37. fxg6+ Kxg6 38. Re3 Kf5 39. Kf2 a4 40.
Bh3+ Kf4 41. Rf3+ Ke4 42. Bg2 Rd2+ 43. Kg1 Kd4 44. Rf5 a3 0-1

[Event "Harburg_ch Gruppe B"]
[Site "Hamburg"]
[Date "2011.08.19"]
[Round "1"]
[White "Henkemeier, Markus"]
[Black "Kemeny, Matthias"]
[Result "1-0"]
[WhiteElo "1895"]
[BlackElo "2038"]
[PlyCount "81"]
[EventDate "2011.08.19"]
[EventType "tourn"]
[EventRounds "1"]
[EventCountry "GER"]
[SourceDate "2011.08.19"]

1. e4 c6 2. d4 d5 3. Nc3 dxe4 4. Nxe4 Bf5 5. Ng3 Bg6 6. N1e2 e6 7. Nf4 Bd6 8.
c3 Nf6 9. h4 Bxf4 10. Bxf4 h6 11. h5 Bh7 12. Qb3 Qb6 13. Qa3 Nbd7 14. Bd6 O-O-O
15. Bb4 Qc7 16. Qxa7 Qf4 17. Be2 Ne4 18. Nxe4 Bxe4 19. g3 Qc7 20. Rh4 Nf6 21.
Ba5 b6 22. Qxb6 Qxb6 23. Bxb6 Rd7 24. f3 Bh7 25. Ba6+ Kb8 26. Kf2 Ka8 27. a4
Rb8 28. a5 Nd5 29. Rhh1 Bg8 30. Bd3 f5 31. c4 Nf6 32. b4 Bf7 33. b5 cxb5 34.
cxb5 Be8 35. Bc5 Rdd8 36. b6 Nd7 37. Bd6 Rbc8 38. Bc7 Nc5 39. dxc5 Rxd3 40. a6
Bc6 41. Rhb1 1-0

[Event "Harburg_ch Gruppe B"]
[Site "Hamburg"]
[Date "2011.08.19"]
[Round "1"]
[White "Krause, Benedict"]
[Black "Stanau, Guido"]
[Result "1/2-1/2"]
[WhiteElo "1875"]
[BlackElo "2001"]
[PlyCount "84"]
[EventDate "2011.08.19"]
[EventType "tourn"]
[EventRounds "1"]
[EventCountry "GER"]
[SourceDate "2011.08.19"]

1. e4 c5 2. Nf3 d6 3. Bb5+ Bd7 4. Bxd7+ Qxd7 5. c4 Nc6 6. Nc3 g6 7. d4 cxd4 8.
Nxd4 Bg7 9. Be3 Ne5 10. b3 Qg4 11. O-O Nf6 12. f3 Qd7 13. Qd2 O-O 14. Rac1 Rfd8
15. Rfd1 Rac8 16. Nde2 b6 17. Nf4 Qb7 18. Nfd5 Nxd5 19. Nxd5 e6 20. Nc3 a6 21.
a4 Nc6 22. Qf2 Rb8 23. Bg5 Rd7 24. Qg3 Qc8 25. Rxd6 Rxd6 26. Qxd6 Be5 27. Qd3
Qc7 28. h3 Bd4+ 29. Be3 Rd8 30. Bxd4 Rxd4 31. Qe3 Qd8 32. Nd5 Qf8 33. b4 Qg7
34. b5 Ne5 35. Nxb6 Rd3 36. Qf2 Qh6 37. Re1 Qg5 38. h4 Qf6 39. bxa6 Nxf3+ 40.
Qxf3 Rxf3 41. a7 Qd4+ 42. Kh1 Qf2 1/2-1/2

[Event "Harburg_ch Gruppe B"]
[Site "Hamburg"]
[Date "2011.08.19"]
[Round "1"]
[White "Krause, Jonah"]
[Black "Kurth, Michael"]
[Result "1-0"]
[WhiteElo "1945"]
[BlackElo "2035"]
[PlyCount "99"]
[EventDate "2011.08.19"]
[EventType "tourn"]
[EventRounds "1"]
[EventCountry "GER"]
[SourceDate "2011.08.19"]

1. d4 Nf6 2. c4 e5 3. dxe5 Ne4 4. Nd2 Bb4 5. a3 Bxd2+ 6. Bxd2 Nc6 7. Nf3 Nxd2
8. Qxd2 Qe7 9. Qc3 O-O 10. e3 Re8 11. c5 Nxe5 12. Be2 d6 13. cxd6 Qxd6 14. O-O
Bg4 15. Rfd1 Qe7 16. Nd4 Bxe2 17. Nxe2 Rad8 18. Ng3 c6 19. f4 Ng4 20. Nf5 Qf8
21. h3 Nf6 22. Qa5 g6 23. Nh6+ Kg7 24. Qc3 Rxd1+ 25. Rxd1 Kxh6 26. Qxf6 Qe7 27.
Qxe7 Rxe7 28. Kf2 f5 29. g4 Kg7 30. Rd4 Kf7 31. Kf3 c5 32. Rd5 fxg4+ 33. hxg4
Rc7 34. Ke4 a5 35. a4 Ke6 36. f5+ gxf5+ 37. gxf5+ Ke7 38. Ke5 Rc6 39. Rd2 c4
40. Rc2 Rc5+ 41. Kf4 Kf6 42. e4 b6 43. Rd2 b5 44. e5+ Ke7 45. axb5 Rxb5 46. f6+
Ke8 47. Kf5 a4 48. Ke6 Rb7 49. Rd6 c3 50. Rc6 1-0

[Event "Harburg_ch Gruppe B"]
[Site "Hamburg"]
[Date "2011.08.20"]
[Round "2"]
[White "Kurth, Michael"]
[Black "Henkemeier, Markus"]
[Result "0-1"]
[WhiteElo "2035"]
[BlackElo "1895"]
[PlyCount "164"]
[EventDate "2011.08.19"]
[EventType "tourn"]
[EventRounds "1"]
[EventCountry "GER"]
[SourceDate "2011.08.19"]

1. e4 c6 2. d4 d5 3. Nc3 dxe4 4. Nxe4 Bf5 5. Ng3 Bg6 6. Nf3 Nd7 7. h4 h6 8. h5
Bh7 9. Bd3 Bxd3 10. Qxd3 e6 11. Bf4 Qa5+ 12. c3 Ngf6 13. b4 Qb6 14. a4 Nd5 15.
Bd2 Be7 16. O-O O-O 17. Rfb1 Qc7 18. c4 N5f6 19. c5 Rfd8 20. Qe2 Nd5 21. Ne5
Bh4 22. Rb3 Ne7 23. Re1 Bxg3 24. Rxg3 Nxe5 25. dxe5 Nf5 26. Rh3 Rd5 27. Bc3
Rad8 28. g4 Ne7 29. a5 a6 30. f4 Qd7 31. Rf3 Rd3 32. Kg2 Qd5 33. Qe4 Rd1 34.
Re2 Qxe4 35. Rxe4 R8d3 36. Rxd3 Rxd3 37. Be1 Nd5 38. Kf2 Kf8 39. Ke2 Rb3 40.
Rd4 Ke7 41. Re4 Rh3 42. Kf2 g6 43. Kg2 Rd3 44. g5 Ne3+ 45. Kf3 Nf5+ 46. Ke2 Rh3
47. hxg6 fxg6 48. gxh6 Rxh6 49. Kf3 Rh8 50. Kg4 Kf7 51. Kf3 Rd8 52. Kg4 Rd1 53.
Kf3 Kg7 54. Ke2 Rd8 55. Kf3 Kh6 56. Kg4 Rd1 57. Bf2 Rb1 58. Be1 Rb2 59. Bh4
Rg2+ 60. Kh3 Rg1 61. Be1 Kh5 62. Re2 Rf1 63. Bf2 Ra1 64. Be1 Ra3+ 65. Kg2 Kg4
66. Re4 Rf3 67. Bd2 Nh4+ 68. Kg1 Rg3+ 69. Kf1 Nf5 70. Kf2 Rd3 71. Ke2 Rh3 72.
Be1 Rh2+ 73. Kd3 Kf3 74. Rc4 Rh8 75. Bd2 Rd8+ 76. Kc3 Ng3 77. Kc2 Ne2 78. Be1
Rd4 79. Rxd4 Nxd4+ 80. Kd3 Ne2 81. Bh4 Nxf4+ 82. Kd4 Nd5 0-1

[Event "Harburg_ch Gruppe B"]
[Site "Hamburg"]
[Date "2011.08.20"]
[Round "2"]
[White "Stanau, Guido"]
[Black "Kemeny, Matthias"]
[Result "1-0"]
[WhiteElo "2001"]
[BlackElo "2038"]
[PlyCount "65"]
[EventDate "2011.08.19"]
[EventType "tourn"]
[EventRounds "1"]
[EventCountry "GER"]
[SourceDate "2011.08.19"]

1. e4 c6 2. d4 d5 3. Nc3 dxe4 4. Nxe4 Bf5 5. Ng3 Bg6 6. h4 h6 7. h5 Bh7 8. Nf3
Nd7 9. Bd3 Bxd3 10. Qxd3 Qc7 11. Bd2 Ngf6 12. O-O-O e6 13. Ne4 O-O-O 14. Nxf6
Nxf6 15. Qc4 Ne4 16. Be3 Bd6 17. Rh4 Nf6 18. Nd2 Nd5 19. Ne4 Nxe3 20. fxe3 Be7
21. Rg4 Rhg8 22. Rf1 Qa5 23. Rgf4 Bf6 24. g4 Kb8 25. c3 Bg5 26. Rxf7 Bxe3+ 27.
Kb1 Qd5 28. Qd3 Bg5 29. Qg3+ Ka8 30. Nc5 Rb8 31. Na6 Qe4+ 32. Ka1 Rbc8 33. Qb8+
1-0

[Event "Harburg_ch Gruppe B"]
[Site "Hamburg"]
[Date "2011.08.20"]
[Round "3"]
[White "Henkemeier, Markus"]
[Black "Krause, Benedict"]
[Result "1-0"]
[WhiteElo "1895"]
[BlackElo "1875"]
[PlyCount "63"]
[EventDate "2011.08.19"]
[EventType "tourn"]
[EventRounds "1"]
[EventCountry "GER"]
[SourceDate "2011.08.19"]

1. e4 c5 2. Nc3 Nc6 3. g3 g6 4. Bg2 Bg7 5. d3 d6 6. Be3 e6 7. Qd2 Rb8 8. Nf3
Nd4 9. Nd1 b5 10. c3 Nxf3+ 11. Bxf3 Ne7 12. Bh6 O-O 13. h4 Nc6 14. h5 Bxh6 15.
Qxh6 Qe7 16. hxg6 fxg6 17. Be2 b4 18. c4 Nd4 19. Ne3 Bb7 20. Bg4 Rf7 21. f4
Rbf8 22. O-O-O d5 23. cxd5 exd5 24. f5 gxf5 25. Nxf5 Nxf5 26. Bxf5 Rg7 27. Be6+
Kh8 28. exd5 Qg5+ 29. Qxg5 Rxg5 30. Rdf1 Rxf1+ 31. Rxf1 Bxd5 32. Rf8+ 1-0

[Event "Harburg_ch Gruppe B"]
[Site "Hamburg"]
[Date "2011.08.20"]
[Round "3"]
[White "Kemeny, Matthias"]
[Black "Kurth, Michael"]
[Result "0-1"]
[WhiteElo "2038"]
[BlackElo "2035"]
[PlyCount "118"]
[EventDate "2011.08.19"]
[EventType "tourn"]
[EventRounds "1"]
[EventCountry "GER"]
[SourceDate "2011.08.19"]

1. e4 c5 2. Nf3 Nc6 3. d4 cxd4 4. Nxd4 Qb6 5. Nb3 e6 6. Be3 Qc7 7. Be2 Nf6 8.
Nc3 Bb4 9. Bd3 O-O 10. O-O Bxc3 11. bxc3 d5 12. exd5 Nxd5 13. Bd2 Nce7 14. Qf3
Ng6 15. Bxg6 hxg6 16. Rfe1 Bd7 17. Nd4 Rac8 18. Re4 Nxc3 19. Rh4 e5 20. Nb3 e4
21. Qe3 f5 22. Qg5 Qd6 23. Rh3 Ne2+ 24. Kh1 f4 25. Rh4 Rf5 26. Qg4 Rh5 27. Qxe2
Rxh4 28. Qxe4 Bc6 29. Qe1 Re8 30. Qf1 Qd5 31. f3 Bb5 32. Qf2 Qh5 33. h3 Re2 34.
Be1 Rxf2 35. Bxf2 g5 36. Bxh4 gxh4 37. Re1 Qd5 38. Rc1 Bc4 39. Kh2 a5 40. Ra1
a4 41. Nc1 Qb5 42. Nd3 Bxd3 43. cxd3 Qxd3 44. Rc1 b5 45. Rc8+ Kh7 46. Rc5 g6
47. Rc7+ Kh6 48. Rb7 Qd5 49. Rb8 Qxa2 50. Rxb5 a3 51. Ra5 Qb2 52. Ra4 a2 53.
Ra7 a1=Q 54. Rh7+ Kg5 55. Rh5+ Kf6 56. Rf5+ Kg7 57. Rf7+ Kg8 58. Rf8+ Kh7 59.
Rf7+ Qg7 0-1

[Event "Harburg_ch Gruppe B"]
[Site "Hamburg"]
[Date "2011.08.20"]
[Round "3"]
[White "Krause, Jonah"]
[Black "Stanau, Guido"]
[Result "0-1"]
[WhiteElo "1945"]
[BlackElo "2001"]
[PlyCount "140"]
[EventDate "2011.08.19"]
[EventType "tourn"]
[EventRounds "1"]
[EventCountry "GER"]
[SourceDate "2011.08.19"]

1. d4 Nf6 2. c4 g6 3. Nc3 Bg7 4. e4 d6 5. Nf3 O-O 6. Be2 e5 7. O-O Nc6 8. d5
Ne7 9. Ne1 Nd7 10. Be3 f5 11. f3 f4 12. Bf2 Rf7 13. a4 g5 14. Nb5 a6 15. Na7
Bf8 16. Nxc8 Qxc8 17. Nd3 Ng6 18. b4 Nf6 19. c5 g4 20. Rc1 Qd8 21. Rc4 g3 22.
hxg3 fxg3 23. Bxg3 Nh5 24. Bf2 Qg5 25. g4 Nhf4 26. Nxf4 Nxf4 27. Bg3 h5 28.
Bxf4 Qxf4 29. Kg2 Bh6 30. Qe1 Raf8 31. Qg3 Qd2 32. Qe1 Qf4 33. Qg3 Qf6 34. Qh3
Rh7 35. gxh5 Rg7+ 36. Kh1 Kh8 37. cxd6 cxd6 38. Rc8 Rxc8 39. Qxc8+ Rg8 40. Qh3
Be3 41. b5 a5 42. h6 Rg6 43. Qc8+ Kh7 44. Qd7+ Kxh6 45. Qh3+ Kg7 46. Qd7+ Kh8
47. Qc8+ Kh7 48. Qd7+ Rg7 49. Qh3+ Qh6 50. Qxh6+ Kxh6 51. Kh2 Bf4+ 52. Kh1 Rg3
53. Rg1 Rh3+ 54. Kg2 Rh2+ 55. Kf1 Be3 56. Rg4 Rh1+ 57. Kg2 Ra1 58. Rh4+ Kg7 59.
Rh1 Rxa4 60. Rb1 Ra2 61. Kf1 a4 62. Bc4 Rc2 63. Rb4 a3 64. Ra4 Bd4 65. Bb3 Rf2+
66. Ke1 Rxf3 67. Bd1 Rg3 68. Kd2 Kf6 69. Be2 Rb3 70. Bd1 Rb2+ 0-1

[Event "Harburg_ch Gruppe C"]
[Site "Hamburg"]
[Date "2011.08.19"]
[Round "1"]
[White "Albers, Andreas"]
[Black "Tscherepanov, Leon"]
[Result "1-0"]
[WhiteElo "1920"]
[BlackElo "1841"]
[PlyCount "73"]
[EventDate "2011.08.19"]
[EventType "tourn"]
[EventRounds "1"]
[EventCountry "GER"]
[SourceDate "2011.08.19"]

1. e4 e6 2. d4 d5 3. Nc3 Nf6 4. Bg5 Be7 5. e5 Nfd7 6. h4 a6 7. Nf3 c5 8. Bxe7
Qxe7 9. dxc5 Nc6 10. Na4 Nxc5 11. Nxc5 Qxc5 12. c3 Qb6 13. Qe2 Qc7 14. Qe3 O-O
15. Bd3 b5 16. O-O Bb7 17. Rfe1 h6 18. Rac1 Rac8 19. h5 Ba8 20. Bb1 Ne7 21. Nd4
Qb6 22. Qd3 g6 23. hxg6 fxg6 24. Qh3 Kh7 25. Qxe6 Qxe6 26. Nxe6 Rf7 27. Rcd1 b4
28. cxb4 Rc4 29. Rd4 Nc6 30. Rxc4 dxc4 31. Be4 Bb7 32. Bxc6 Bxc6 33. Nd8 Rc7
34. Nxc6 Rxc6 35. e6 Rc8 36. Rd1 Re8 37. Rd6 1-0

[Event "Harburg_ch Gruppe C"]
[Site "Hamburg"]
[Date "2011.08.19"]
[Round "1"]
[White "Fluechter, Gregor"]
[Black "Hagenlueke, Thomas"]
[Result "1-0"]
[WhiteElo "1832"]
[BlackElo "1999"]
[PlyCount "119"]
[EventDate "2011.08.19"]
[EventType "tourn"]
[EventRounds "1"]
[EventCountry "GER"]
[SourceDate "2011.08.19"]

1. e4 c6 2. d4 d5 3. exd5 cxd5 4. c4 Nf6 5. Nc3 Nc6 6. Nf3 Bg4 7. cxd5 Nxd5 8.
Bc4 e6 9. Bxd5 exd5 10. Be3 Qd7 11. O-O Be7 12. h3 Bh5 13. Ne5 Bxd1 14. Nxd7
Bh5 15. Ne5 O-O-O 16. Nxc6 bxc6 17. a3 f5 18. b4 Rhf8 19. Rfc1 f4 20. Bd2 Bf6
21. b5 Bxd4 22. bxc6 Rf6 23. c7 Rd7 24. Nb5 Bb6 25. a4 a6 26. a5 Bxc7 27. Nxc7
Rxc7 28. Rxc7+ Kxc7 29. Bc3 Rc6 30. Be5+ Kd7 31. Bxf4 Be2 32. Rc1 Rxc1+ 33.
Bxc1 Kc6 34. f4 Kb5 35. Kf2 Bd3 36. Bd2 Kc4 37. g4 Kd4 38. f5 Ke4 39. Bh6 Bc4
40. Bxg7 d4 41. Bh6 Bf7 42. Kg3 Be8 43. Kh4 d3 44. Bc1 h5 45. Kg5 hxg4 46. hxg4
Ke5 47. Bf4+ Ke4 48. Bd2 Ke5 49. Bc3+ Ke4 50. Bd2 Ke5 51. Kh6 Kf6 52. Bc3+ Kf7
53. g5 d2 54. Bxd2 Bd7 55. g6+ Kg8 56. f6 Be6 57. Kg5 Kf8 58. Bb4+ Kg8 59. Kf4
Bc4 60. Ke5 1-0

[Event "Harburg_ch Gruppe C"]
[Site "Hamburg"]
[Date "2011.08.19"]
[Round "1"]
[White "Peters, Thomas"]
[Black "Henkemeier, Michael"]
[Result "1-0"]
[WhiteElo "1851"]
[BlackElo "1917"]
[PlyCount "133"]
[EventDate "2011.08.19"]
[EventType "tourn"]
[EventRounds "1"]
[EventCountry "GER"]
[SourceDate "2011.08.19"]

1. d4 c6 2. c4 Nf6 3. Nc3 d5 4. e3 Bg4 5. Nf3 e6 6. cxd5 exd5 7. Bd3 Nbd7 8.
O-O Bd6 9. h3 Bh5 10. Qe2 O-O 11. Rb1 Re8 12. Bd2 Ne4 13. g4 Bg6 14. Bxe4 dxe4
15. Ne1 Qh4 16. Kg2 f5 17. Rh1 f4 18. exf4 e3 19. fxe3 Bxb1 20. Nxb1 Qe7 21.
Nc3 Nf6 22. Qd3 Nd5 23. Nc2 Rad8 24. Nd1 Nxf4+ 25. exf4 Qe2+ 26. Qxe2 Rxe2+ 27.
Kf3 Rxd2 28. Nde3 Re8 29. b4 Rd3 30. a3 Bc7 31. Ke2 Rdxe3+ 32. Nxe3 Bxf4 33.
Kf3 Rxe3+ 34. Kxf4 Rxa3 35. b5 cxb5 36. Rb1 Kf7 37. Rxb5 b6 38. h4 Ra5 39. Rb3
Ke6 40. Re3+ Kd7 41. h5 Rb5 42. h6 g5+ 43. Ke4 a5 44. Rf3 Ke7 45. d5 a4 46. Ra3
Rb4+ 47. Kf5 b5 48. Kxg5 Rb3 49. Ra1 a3 50. Kf5 b4 51. Ke4 a2 52. Rxa2 Rg3 53.
Ra7+ Kd6 54. Kf4 Rh3 55. Rxh7 b3 56. Rb7 Kxd5 57. h7 b2 58. Rxb2 Rxh7 59. Kf5
Rf7+ 60. Kg6 Rf1 61. Re2 Rf3 62. g5 Rf1 63. Kg7 Kd6 64. g6 Kd7 65. Kg8 Rf3 66.
g7 Rf1 67. Rh2 1-0

[Event "Harburg_ch Gruppe C"]
[Site "Hamburg"]
[Date "2011.08.20"]
[Round "2"]
[White "Henkemeier, Michael"]
[Black "Hagenlueke, Thomas"]
[Result "0-1"]
[WhiteElo "1917"]
[BlackElo "1999"]
[PlyCount "118"]
[EventDate "2011.08.19"]
[EventType "tourn"]
[EventRounds "1"]
[EventCountry "GER"]
[SourceDate "2011.08.19"]

1. d4 d5 2. c4 e6 3. Nc3 c6 4. Nf3 Nf6 5. e3 Nbd7 6. Bd3 dxc4 7. Bxc4 b5 8. Bd3
a6 9. O-O c5 10. e4 Bb7 11. Re1 b4 12. Na4 cxd4 13. Nxd4 Nc5 14. Nxc5 Bxc5 15.
Nb3 Be7 16. Bf4 O-O 17. Rc1 Rc8 18. Qe2 Rxc1 19. Rxc1 Qa8 20. Rc7 Bd8 21. Rc4
a5 22. Nc5 Bc6 23. Bd6 Re8 24. e5 Nd7 25. Qh5 g6 26. Rg4 Nxc5 27. Bxc5 Be7 28.
Bxe7 Rxe7 29. Qg5 Qd8 30. Rg3 Be4 31. Qe3 Qxd3 32. Qxd3 Bxd3 33. Rxd3 Rc7 34.
g3 Rc1+ 35. Kg2 Rc5 36. a3 bxa3 37. bxa3 Rxe5 38. Rd8+ Kg7 39. Ra8 Kf6 40. Ra7
Rd5 41. g4 Rc5 42. h3 h5 43. Kh2 h4 44. Kg2 g5 45. Kh2 Kg6 46. Ra6 Re5 47. Kg2
f5 48. gxf5+ Kxf5 49. Kf3 Rd5 50. Kg2 e5 51. a4 Rc5 52. Ra8 Ke6 53. Kf3 Kd5 54.
Rg8 Rc4 55. Rxg5 Rxa4 56. Rh5 Rd4 57. Rh8 a4 58. Ra8 Rb4 59. Ra5+ Kd4 0-1

[Event "Harburg_ch Gruppe C"]
[Site "Hamburg"]
[Date "2011.08.20"]
[Round "2"]
[White "Peters, Thomas"]
[Black "Albers, Andreas"]
[Result "1-0"]
[WhiteElo "1851"]
[BlackElo "1920"]
[PlyCount "87"]
[EventDate "2011.08.19"]
[EventType "tourn"]
[EventRounds "1"]
[EventCountry "GER"]
[SourceDate "2011.08.19"]

1. d4 Nf6 2. c4 g6 3. Nc3 d5 4. cxd5 Nxd5 5. e4 Nxc3 6. bxc3 Bg7 7. Bc4 O-O 8.
Ne2 c5 9. O-O Nc6 10. Be3 Bg4 11. f3 Na5 12. Bb3 Bd7 13. Rb1 Nxb3 14. Qxb3 cxd4
15. cxd4 b6 16. Rbc1 Rc8 17. Rxc8 Qxc8 18. Rc1 Qa6 19. Nf4 e5 20. dxe5 Bxe5 21.
Nd5 Be6 22. f4 Bg7 23. f5 Bxd5 24. Qxd5 Qe2 25. Bf2 Qb2 26. Be3 Qe5 27. fxg6
hxg6 28. Qb7 Qa5 29. Qd5 Qxd5 30. exd5 {(=)} Re8 31. Kf2 Rxe3 32. Rc8+ Bf8 33.
Kxe3 Kg7 34. Ke4 Bd6 35. h3 Kf6 36. Ra8 a5 37. Rc8 Ke7 38. Rc6 Bc5 39. Ke5 Bd6+
40. Ke4 Bc5 41. g4 Bf2 42. d6+ Ke6 43. d7+ Kxd7 44. Rf6 1-0

[Event "Harburg_ch Gruppe C"]
[Site "Hamburg"]
[Date "2011.08.20"]
[Round "2"]
[White "Tscherepanov, Leon"]
[Black "Fluechter, Gregor"]
[Result "1/2-1/2"]
[WhiteElo "1841"]
[BlackElo "1832"]
[PlyCount "49"]
[EventDate "2011.08.19"]
[EventType "tourn"]
[EventRounds "1"]
[EventCountry "GER"]
[SourceDate "2011.08.19"]

1. c4 e6 2. Nc3 d5 3. d4 Nf6 4. e3 Nbd7 5. Nf3 Be7 6. a3 O-O 7. Qc2 a6 8. Rb1
dxc4 9. Bxc4 b5 10. Ba2 Bb7 11. b4 Bd6 12. e4 e5 13. d5 c6 14. dxc6 Bxc6 15.
O-O Qc7 16. Nd5 Bxd5 17. Qxc7 Bxc7 18. exd5 Nb6 19. Rd1 Rad8 20. Bb2 Rfe8 21.
Rbc1 Nbxd5 22. g3 e4 23. Bxf6 Nxf6 24. Bxf7+ Kxf7 25. Rxc7+ 1/2-1/2

[Event "Harburg_ch Gruppe C"]
[Site "Hamburg"]
[Date "2011.08.20"]
[Round "3"]
[White "Albers, Andreas"]
[Black "Henkemeier, Michael"]
[Result "0-1"]
[WhiteElo "1920"]
[BlackElo "1917"]
[PlyCount "88"]
[EventDate "2011.08.19"]
[EventType "tourn"]
[EventRounds "1"]
[EventCountry "GER"]
[SourceDate "2011.08.19"]

1. e4 c6 2. d4 d5 3. e5 c5 4. dxc5 e6 5. Qg4 h5 6. Qg3 h4 7. Qg4 Nd7 8. Bb5 Nh6
9. Qf4 Bxc5 10. Nf3 Nf5 11. O-O Qc7 12. Bd3 g6 13. Nc3 a6 14. Re1 b5 15. Bd2
Bb7 16. Ne2 Qb6 17. Rf1 Qc7 18. a4 bxa4 19. Rxa4 Qc6 20. b3 d4 21. h3 Nb6 22.
Raa1 Rg8 23. Qg4 Nd7 24. b4 Bb6 25. b5 Qc8 26. bxa6 Bxf3 27. Qxf3 Nxe5 28. Bb5+
Ke7 29. Qe4 Qc7 30. Bf4 f6 31. Bd2 Nd6 32. Bb4 Bc5 33. Bxc5 Qxc5 34. Qxd4 Qxb5
35. Nc3 Qc4 36. Qxc4 Nexc4 37. Rfd1 Rgb8 38. Ra4 Rb6 39. Rda1 Ra7 40. f3 Rb2
41. Ne4 g5 42. R1a2 Rxa2 43. Rxa2 Nxe4 44. fxe4 Nd6 0-1